| 000 | 01382cam a2200253 i 4500 | ||
|---|---|---|---|
| 003 | Ost | ||
| 005 | 20250314131905.0 | ||
| 008 | 241111s2002 su g 000 0 ara c | ||
| 040 |
_aSA-RiAUC _bara _cSA-RiAUC |
||
| 082 | _a254.5 | ||
| 090 |
_a254.5 _b ز ح ي |
||
| 100 | 1 |
_aالزحيلي ، وهبة مصطفى ، _eمؤلف. |
|
| 245 | 1 | 2 |
_aالبصمة الوراثية ومجالات الاستفادة منها : _bدراسة فقهية مقارنة : الدورة السادسة عشر للمجمع الفقهي الإسلامي المنعقدة في مكة المكرمة في 21-26 / 10 / 1422هـ الموافق 10 / 1 / 2002 م / _cوهبة مصطفى الزحيلي |
| 264 | 1 |
_aمكة المكرمة : _bرابطة العالم الإسلامي، المجمع الفقهي الإسلامي، _c2002 |
|
| 300 |
_a24 صفحة ؛ _c24 سم |
||
| 336 |
_aنص _btxt _2rdacontent _3كتاب |
||
| 337 |
_aبدون وسيط _bn _2rdamedia |
||
| 338 |
_aمجلد _bnc _2rdacarrier |
||
| 650 | 7 |
_aالبصمة الوراثية (فقه إسلامي) _2aucsh |
|
| 650 | 7 |
_aالنسب (فقه إسلامي) _2aucsh |
|
| 710 | 2 |
_aرابطة العالم الإسلامي (مكة المكرمة). _bالمجمع الفقهي الإسلامي. _bدورة _n(16 : _d1422 هـ. : _cمكة المكرمة) |
|
| 942 |
_2ddc _cBOOK _n0 |
||
| 949 |
_aSA-JeALM _d241111 _umohamedma123 _n1 |
||
| 999 |
_c6420 _d6420 |
||